Countries of Top 100 JetPunk Users - Statistics

General Stats
  • This quiz has been taken 3,005 times
    165 since last reset
  • The average score is 16 of 20
Answer Stats
# users Country of Residence % Correct
17 United States
99%
15 France
97%
9 United Kingdom
97%
3 Canada
94%
2 Germany
94%
3.5 Italy
93%
1 Australia
88%
2 Brazil
86%
10 Poland
86%
1 Sweden
85%
4 Netherlands
79%
1.5 New-Zealand
79%
1 Finland
77%
2 Austria
76%
3 Belgium
76%
3 Switzerland
76%
1 India
74%
1 Chile
68%
1 Croatia
57%
1 Serbia
55%
No matching quizzes found
Score Distribution
Percent of People with Each Score
Percentile by Number Answered
Your Score History
You have not taken this quiz since the last reset